000 00639nam a2200217Ia 4500
003 OSt
005 20220928145604.0
006 a|||||r|||| 00| 0
007 ta
008 220927b |||||||| |||| 00| 0 eng d
024 _a81279
037 _cTextual
040 _aSDCL
_cSDCL
_beng
041 _2eng
_aeng
082 _aO-,6L09wxL40:gx, L0
100 _aClifford James L Ed.
_9513492
245 0 _aTwentieth century interpretation of Bosswell's life of Johnson
_b A collection of critical essays
260 _c1970
942 _hO-,6L09wxL40:gx, L0
_cTEXL
_2CC
999 _c834140
_d834140